000 00962nam a22002657a 4500
005 20251108173353.0
008 250721s2005 xx 000 0 ara d
020 _a9773371999
082 1 4 _a926.58/ توف
100 1 _aتوفيق، عبد الرحمن
245 1 0 _aعندما يصبح المستحيل ممكناً /
246 1 3 _aرؤية الدكتور عبد الرحمن توفيق لمسيرة نجاح المهندس صبحي بترجي
264 1 _aالقاهره :
_bمركز الخبرات المهنية للإدارة (بميك)،
_c2005.
300 _a197ص.
490 0 _aإصدارات بميك
_v71
500 _aيشمل الكتاب على قائمة بأسماء موزعين بميك
650 1 7 _aإدارة الأعمال
650 1 7 _aرجال الأعمال
650 1 7 _aالنجاح
650 1 7 _aالإسلام
650 1 7 _aالتراجم
650 1 7 _aالسعودية
942 _2ddc
_cBK
999 _c102316
_d102316